000 00483cam a2200181 4500
001 D14783
008 090401t1937 xxu||||| |||| 00| 0 eng d
035 _a(Sirsi) u94853
041 _aeng
050 _a630
100 _aJeffock, W Phillip
245 _aAgricultural policies 1915-35: being a history of the central chamber of Agriculture during that period
260 _aIpswich
_bHarrison
_c1937
300 _a140p. 22cm
350 _a0
942 _n0
948 _c04/03/1997
999 _c98207
_d98207